| 000 | 00626nam a2200217 a 4500 | ||
|---|---|---|---|
| 999 |
_c2055 _d2055 |
||
| 007 | ta | ||
| 008 | 200131t2000 xxua|||g |||| 00| 0 eng d | ||
| 020 | _a0821346806 | ||
| 040 |
_aKO _beng |
||
| 041 | 0 | _aeng | |
| 044 | _axxu | ||
| 082 | 0 | 4 |
_223 _a338.954 _bW89317 |
| 245 | 1 | 0 |
_aIndia : _bCountry Framework Report for Private Participation in Infrastructure / |
| 260 |
_a Washington , D. C. : _bThe World Bank , _c2000 |
||
| 300 |
_avi , 69 p. : _bcol.ill. ; _c28 cm |
||
| 650 | 0 |
_aFramework stories _vTextbooks |
|
| 710 | 2 | _aPublic-Private Infrastructure Advisory Facility | |
| 904 | _aReshma_R | ||
| 942 | _cBK | ||